Quantitative geography : perspectives on spatial data analysis
Αποθηκεύτηκε σε:
| Κύριος συγγραφέας: | |
|---|---|
| Άλλοι συγγραφείς: | , |
| Μορφή: | Βιβλίο |
| Γλώσσα: | English |
| Δημοσίευση: |
London :
Sage Publications,
2000
|
| Θέματα: | |
| Ετικέτες: |
Προσθήκη ετικέτας
Δεν υπάρχουν, Καταχωρήστε ετικέτα πρώτοι!
|
MARC
| LEADER | 00000nam a2200000 i 4500 | ||
|---|---|---|---|
| 001 | 1/75240 | ||
| 008 | 050414s2000 eng d | ||
| 020 | |a 0761959483 | ||
| 035 | |l 10077652 | ||
| 040 | |a GR-MY-UA |b gre |e aacr | ||
| 041 | 0 | |a eng | |
| 082 | 0 | |a 910.285 |2 (21) | |
| 100 | 1 | |a Fotheringham, A. Stewart. | |
| 245 | 1 | 0 | |a Quantitative geography : |b perspectives on spatial data analysis / |c A. Stewart Fotheringham, Chris Brunsdon, Martin Charlton |
| 260 | |a London : |b Sage Publications, |c 2000 | ||
| 300 | |a xii, 270 σ.; |b εικ., χαρτ.; |c 25 εκ. | ||
| 504 | |a Περιέχει βιβλιογραφία και ευρετήριο | ||
| 650 | 0 | 0 | |a Geography |x Statistical methods. |
| 650 | 0 | 0 | |a Spatial analysis (Statistics) |
| 650 | 0 | 0 | |a Geographic information systems. |
| 700 | 1 | |a Brunsdon, Chris. | |
| 700 | 1 | |a Charlton, Martin. | |
| 852 | |a INST |b LESVOS |e 20050414 |h 910.285 FOT |p 005100027839 |q 005100027839 |t BK |y 0 | ||
| 901 | |a BIBL1-2005-1 | ||
| 909 | |a Λ |b 116493 | ||
| 922 | |a 1ΕΛΗ |b 200411 |c ΕΠΕΑΕΚ2/ΤΓ |d ΜΙΧΑΛΟΠΟΥΛΟΣ | ||
| 950 | |a 118-2004-10-04 | ||
| 970 | |a ΚΑΡΑ |b ΓΙΑΣΕΜΗ |z 2005/04/22 | ||